Normal view MARC view
  • Collins, R. J.

Entry Personal Name

Number of records used in: 1

001 - CONTROL NUMBER

  • control field: 22031

003 - CONTROL NUMBER IDENTIFIER

  • control field: NUST

005 - DATE AND TIME OF LATEST TRANSACTION

  • control field: 20190930114928.0

008 - FIXED-LENGTH DATA ELEMENTS

  • fixed length control field: 190930|| aca||aabn | a|a d

040 ## - CATALOGING SOURCE

  • Original cataloging agency: NUST
  • Transcribing agency: NUST

100 ## - HEADING--PERSONAL NAME

  • Personal name: Collins, R. J.
  • Fuller form of name: (Robert J.)

670 ## - SOURCE DATA FOUND

  • Source citation: Work cat.: (NUST)0: Collins, R. J. (Robert J.), Recycling and use of waste materials and by-products in highway construction /, 1994.
© 2023 Central Library, National University of Sciences and Technology. All Rights Reserved.